Major Star Trek Races - Statistics

General Stats
  • This quiz has been taken 871 times
  • The average score is 20 of 32
Answer Stats
Starting Letter and a Significant Character Answer % Correct
K - Worf Klingon
98%
A - Data Android
97%
H - Kirk, Picard, Sisko, Janeway and Archer Human
97%
V - Mr. Spock Vulcan
97%
B - Hue or Locutus Borg
94%
F - Quark Ferengi
92%
B - Deanna or Lwaxana Troi Betazoid
91%
C - Gul Dukat Cardassian
91%
Omnipotent being played by John de Lancie Q
91%
B - Kira Nerys and many others Bajoran
87%
R - Commander Sela and creators of Shinzon Romulan
84%
T - Jadzia Dax Trill
80%
A - Thy'lek Shran Andorian
74%
F - Odo Founder
73%
G - Unnamed captain fights Kirk in solo combat Gorn
64%
O - Kes Ocampa
64%
O - Marta and many slave girls Orion
64%
T - Neelix Talaxian
62%
V - Weyoun and Eris Vorta
58%
N - One stabbed Picard through the heart Nausicaan
46%
B - Mott, the Enterprise D Barber Bolian
43%
E - Guinan El-Aurian
43%
J - Kudak'Etan Jem'Hadar
41%
C - Lore attempted to control this space being Crystalline Entity
40%
C - Martia on Rura Penthe Chameloid
39%
T - Loskene, "Web Makers" Tholian
38%
B - Thot Gor or Thot Pran Breen
36%
D - Ilia, who joined with Vger Deltan
27%
T - Gav and Gral Tellarite
21%
B - Wesley's friend Mordock Benzite
20%
S - Numeric designation, impersonated Valerie Archer Species 8472
18%
G - Jaresh'Inyo, Federation President Grazerite
6%
No matching quizzes found
Score Distribution
Percent of People with Each Score
Percentile by Number Answered
Your Score History
You have not taken this quiz